Poemas al director (Record no. 183556)

MARC details
000 -LEADER
campo de control de longitud fija 01108nam a2200217 i 4500
001 - NÚMERO DE CONTROL
campo de control 183556
003 - IDENTIFICADOR DE NÚMERO DE CONTROL
campo de control ES-MaACL
005 - FECHA Y HORA DE LA ÚLTIMA TRANSACCIÓN
campo de control 20251120121436.0
008 - DATOS DE LONGITUD FIJA--INFORMACIÓN GENERAL
campo de control de longitud fija 140718q2013 sp |||| | spa d
020 ## - NÚMERO INTERNACIONAL ESTÁNDAR DEL LIBRO
Número Internacional Estándar del Libro 978-84-686-4572-8
080 ## - NÚMERO DE LA CLASIFICACIÓN DECIMAL UNIVERSAL
Número de la Clasificación Decimal Universal 821.134.2-1"19"
245 00 - MENCIÓN DEL TÍTULO
Título Poemas al director
Resto del título : 68 miradas críticas en tiempos de crisis /
Mención de responsabilidad, etc. edición literaria de Guillermo Spottorno Giner sobre una idea original de Ángel Rodríguez.
260 ## - PUBLICACIÓN, DISTRIBUCIÓN, ETC.
Lugar de publicación, distribución, etc. [S. l.] :
Nombre del editor, distribuidor, etc. Bubok,
Fecha de publicación, distribución, etc. [2013]
300 ## - DESCRIPCIÓN FÍSICA
Extensión 173 p. ;
Dimensiones 22 cm.
505 8# - NOTA DE CONTENIDO CON FORMATO
Nota de contenido con formato Contiene: prólogos ;
Título Poemas al director /
Mención de responsabilidad Federico Mayor Zaragoza. --
Título Soypoeta, globalizando el amor por la poesía /
Mención de responsabilidad Fernando Berlín. --
Título Mirar y ver /
Mención de responsabilidad José Manuel Caballol Bartolomé. --
Título ¿Alguien ha visto mis versos por ahí? /
Mención de responsabilidad Ángel Rodríguez. --
Título Razones para escribir "Poemas al director" /
Mención de responsabilidad Guillermo Spottorno Giner
700 1# - ENTRADA AGREGADA--NOMBRE PERSONAL
Nombre de persona Spottorno Giner, Guillermo,
Fechas asociadas al nombre -1974
9 (RLIN) 155014
852 ## - LOCALIZACIÓN
Ubicación ES-MaACL
Número de control de estantería A-13165
itemnumber 190498
Sublocalización o colección R.150020
Ubicación en estantería Depósito 1
Signatura antigua Olim: N-6165
942 ## - ELEMENTOS DE ENTRADA SECUNDARIOS (KOHA)
Fuente del sistema de clasificación o colocación Clasificación decimal universal
Tipo de ítem Koha Libro impreso
Holdings
Estatus retirado Estado de pérdida Fuente del sistema de clasificación o colocación Estado de daño No para préstamo Biblioteca de origen Biblioteca actual Ubicación en estantería Fecha de adquisición Fuente de adquisición Total de préstamos Signatura topográfica completa Código de barras Visto por última vez Precio de reemplazo Tipo de ítem Koha
    Clasificación decimal universal     Biblioteca del Ateneo de Madrid Biblioteca del Ateneo de Madrid Depósito 1 18/07/2014 Donación   A-13165 1192937 23/02/2023 23/02/2023 Libro impreso